Biggest Cities that end in H with a Map - Statistics

General Stats
  • This quiz has been taken 234 times
    201 since last reset
  • The average score is 11 of 15
Answers on the Map
Answers color-coded by a green-red scale on the quiz's map according to % correct below.
 
Answer Stats
Population City % Correct
8.40m Riyadh
99%
2.08m Perth
98%
1.45m Zürich
95%
5.15m Jeddah
93%
2.28m Munich
93%
2.58m Phnom Penh
91%
2.03m Pittsburgh
86%
1.13m Marrakesh
83%
1.69m Raleigh
81%
1.38m Port Elizabeth
78%
1.62m Virginia Beach
70%
1.06m Voronezh
55%
2.43m Chandigarh
32%
1.28m Aligarh
19%
1.04m Kermanshah
17%
No matching quizzes found
Score Distribution
Percent of People with Each Score
Percentile by Number Answered
Your Score History
You have not taken this quiz since the last reset